Central Library OPAC University of Rajshahi

Matrix algebra useful for statistics / (Record no. 6763)

MARC details
000 -LEADER
fixed length control field 00647nam a2200229 a 4500
001 - CONTROL NUMBER
control field 6763
003 - CONTROL NUMBER IDENTIFIER
rucl marc code BD-RjUL
005 - DATE AND TIME OF LATEST TRANSACTION
control field 20211208234317.0
008 - FIXED-LENGTH DATA ELEMENTS--GENERAL INFORMATION
fixed length control field 160827s1982 -us b 001 0 eng
035 ## - SYSTEM CONTROL NUMBER
System control number (BD-RjUL)6804
040 ## - CATALOGING SOURCE
Original cataloging agency DLC
Transcribing agency ODaWU
Modifying agency OCoLC
-- BD-RjUL
Language of cataloging eng
041 1# - LANGUAGE CODE
Language code of text/sound track or separate title eng
Language code of original rus
082 ## - DEWEY DECIMAL CLASSIFICATION NUMBER
Classification number 512.9434
Author mark and year SEM 1982
Edition number 23
100 ## - MAIN ENTRY--PERSONAL NAME
Personal name Searle, Shayler R.
9 (RLIN) 151355
245 10 - TITLE STATEMENT
Title Matrix algebra useful for statistics /
Statement of responsibility, etc. Shayler R. Searle,
260 ## - PUBLICATION, DISTRIBUTION, ETC. (IMPRINT)
Place of publication, distribution, etc. New York :
Name of publisher, distributor, etc. John Wiley & Sons,
Date of publication, distribution, etc. 1982
300 ## - PHYSICAL DESCRIPTION
Pagination xxii, 438 p. ;
Size 23 cm.
500 ## - GENERAL NOTE
General note Include index.
650 #0 - SUBJECT ADDED ENTRY--TOPICAL TERM
Topical term or geographic name as entry element Matrices.
9 (RLIN) 20343
Topical term or geographic name as entry element Statistics
9 (RLIN) 151356
942 ## - ADDED ENTRY ELEMENTS (KOHA)
Source of classification or shelving scheme Dewey Decimal Classification
Koha item type Books
Holdings
Lost status Source of classification or shelving scheme Damaged status Not for loan Collection code Permanent Location Current Location Shelving location Date acquired Source of acquisition Cost, normal purchase price Total Checkouts Full call number Date last seen Date checked out Copy number Koha item type
  Dewey Decimal Classification     Non-fiction Central Library, University of Rajshahi Central Library, University of Rajshahi   11/09/1984 Tulip enter 35.75 1 512.9434 SEM 1982 02/07/2017 03/06/2017 C-2 Books